| 000 | 00651nam a2200253Ia 4500 | ||
|---|---|---|---|
| 003 | OSt | ||
| 005 | 20221005101805.0 | ||
| 006 | a|||||r|||| 00| 0 | ||
| 007 | ta | ||
| 008 | 221004b |||||||| |||| 00| 0 eng d | ||
| 020 | _a0472084046 | ||
| 024 | _a30285 | ||
| 037 | _cTextual | ||
| 040 |
_aCRL _cCRL _beng |
||
| 041 |
_2eng _aeng |
||
| 082 | _aP41, 111P0 | ||
| 100 | _aMarney John | ||
| 245 | 0 | _aFirst semester Chinese by numbers | |
| 260 |
_aU.S.A. _bUniversity of Michigan Press _c2000 |
||
| 300 |
_a186p. _ccm. |
||
| 650 | _aLINGUISTICS | ||
| 942 |
_hP41, 111P0 _cTEXL _2cc |
||
| 999 |
_c1007389 _d1007389 |
||